[Event "FINEC 2007 WGM"]
[Site "St. Petersburg RUS"]
[Date "2007.02.01"]
[Round "8.5"]
[White "Gromova, Iulia"]
[Black "Eidelson, Rakhil"]
[Result "1-0"]
[WhiteElo "2255"]
[BlackElo "2181"]
[PlyCount "85"]
[EventDate "2007.01.25"]
[EventType "tourn"]
[EventRounds "9"]
[EventCountry "RUS"]
[Source "lmi"]
[SourceDate "2007.01.25"]

1. d4 Nf6 2. c4 c5 3. d5 d6 4. Nc3 g6 5. e4 Bg7 6. h3 O-O 7. Nf3 e6 8. Bd3 Re8
9. O-O e5 10. Nh2 Nh5 11. Ne2 Rf8 12. g4 Nf4 13. Nxf4 exf4 14. Bxf4 Bxb2 15.
Rb1 Be5 16. Be3 Bf6 17. f4 Nd7 18. Qf3 Qe7 19. Rbd1 a6 20. a4 b5 21. cxb5 axb5
22. Bxb5 Ba6 23. Rfe1 Bxb5 24. axb5 Ra3 25. e5 dxe5 26. d6 Qd8 27. Qc6 Rb3 28.
Nf3 exf4 29. Bf2 Nb8 30. Qd5 Rxb5 31. Re7 Na6 32. Ra7 Nb4 33. Qc4 Qb6 34. g5
Bg7 35. Rc7 Na6 36. Re7 Rb1 37. Qd3 Rxd1+ 38. Qxd1 Qc6 39. d7 Rd8 40. Qb3 c4
41. Qb6 Qc7 42. Re8+ Bf8 43. Rxd8 1-0